All 1m+ cities of Türkiye - Statistics

General Stats
  • This quiz has been taken 88 times
  • The average score is 6 of 7
Answer Stats
Hint Answer % Correct
14.02m Istanbul
100%
4.58m Ankara
98%
2.84m Izmir
95%
1.85m Bursa
80%
1.00m Konya
74%
1.56m Adana
72%
1.49m Gaziantep
55%
No matching quizzes found
Score Distribution
Percent of People with Each Score
Percentile by Number Answered
Your Score History
You have not taken this quiz